| 000 | 00421 a2200133 4500 | ||
|---|---|---|---|
| 001 | ART_10362 | ||
| 005 | 20260410161731.0 | ||
| 008 | 260409a | ||
| 245 | 1 | 0 | _aNecesidad y posibilidad de privatización de las empresas públicas |
| 100 | 1 | _aBalcells, Rafael | |
| 700 | 1 | _aPiñeiro, Mario L. | |
| 700 | 1 | _aUgalde, Alberto | |
| 773 | 0 |
_tEjecutivos de finanzas _g- Año 3, Nº 21 (sep. 1985) _wREV2863 |
|
| 999 |
_c17892 _d17892 |
||